|
|
|
|
| LEADER |
01627nam a22003617a 4500 |
| 001 |
44505 |
| 003 |
BD-DhAAL |
| 005 |
20250723150420.0 |
| 008 |
250723t2024 enk 000 f eng d |
| 020 |
|
|
|a 9781035054855
|
| 040 |
|
|
|a BD-DhAAL
|c BD-DhAAL
|
| 041 |
|
|
|a eng
|h jpn
|
| 082 |
|
|
|a 895.636
|2 23
|
| 100 |
|
|
|a Kawaguchi, Toshikazu,
|d 1971-
|e author.
|9 58668
|
| 240 |
|
|
|a Yasashisa o wasurenu uchi ni.
|l English
|
| 245 |
|
|
|a Before we forget kindness /
|c Toshikazu Kawaguchi ; translated from the Japanese by Geoffrey Trousselot.
|
| 260 |
|
|
|a London :
|b Picador,
|c 2024.
|
| 300 |
|
|
|a 202 pages ;
|c 20 cm
|
| 490 |
|
|
|a Before the coffee gets cold series ;
|v 5
|
| 500 |
|
|
|a First published.
|
| 505 |
|
|
|a The son -- The nameless child -- The father -- The Valentine.
|
| 541 |
|
|
|a Donated by Farhana Zahir, Assistant Professor, BRAC Business School
|e 44505
|
| 546 |
|
|
|a Translated from the Japanese.
|
| 650 |
|
|
|a Coffeehouses
|z Japan
|z Tokyo
|v Fiction.
|9 58669
|
| 650 |
|
|
|a Time travel
|v Fiction.
|9 58670
|
| 650 |
|
|
|a Interpersonal relations
|v Fiction.
|
| 650 |
|
|
|a Japanese fiction.
|9 29355
|
| 700 |
|
|
|a Trousselot, Geoffrey,
|e translator.
|9 58680
|
| 830 |
|
|
|a Before the coffee gets cold series ;
|v 5
|9 58825
|
| 852 |
|
|
|a Ayesha Abed Library
|c General Stacks
|
| 942 |
|
|
|2 ddc
|c BK
|
| 999 |
|
|
|c 47347
|d 47347
|
| 952 |
|
|
|0 0
|1 0
|2 ddc
|4 0
|6 895_636000000000000_KAW
|7 0
|9 77895
|a BRACUL
|b BRACUL
|c GEN
|d 2025-07-23
|e Donated by Farhana Zahir, Assistant Professor, BRAC Business School
|l 3
|m 29
|o 895.636 KAW
|p 3010044505
|r 2026-03-08
|s 2025-12-29
|t 1
|w 2025-07-23
|y BK
|x Donated by Farhana Zahir, Assistant Professor, BRAC Business School ; £9.99 ;
|